000 00419nam a2200193Ia 4500
005 20250603145715.0
008 250603s9999 xx 000 0 und d
020 _a978-1-4051-5639-4
050 _aP 325 .S2/
100 _aSaeed, John I.
245 0 _aSemantics
250 _a3rd ed.
260 _aMalden
260 _bWiley-Blackwell
260 _c2009
300 _a456 p
650 _aMalden
942 _cBK
999 _c42620
_d42620